P2P platformy - riskantní ale alternativní

Vznik P2P platforiem a ich pôvodné koncepty, ktoré niesli anglické označenie "peers". Diverzifikácia investorských portfólií vedie k postupnému vytrácaniu pôvodného konceptu a k zmene prístupu rovnosti medzi dlžníkom a veriteľom.

Gespeichert in:
Bibliographische Detailangaben
1. Verfasser: Zavázalová, Helena
Format: Buchkapitel
Sprache:Tschechisch
Schlagworte:
Tags: Tag hinzufügen
Keine Tags, Fügen Sie das erste Tag hinzu!

MARC

LEADER 00000naa a2200000 4500
001 0200187
005 20231211083656.8
041 0 |a cze 
044 |a CZ 
245 1 0 |a P2P platformy - riskantní ale alternativní  |c Helena Zavázalová 
520 |a Vznik P2P platforiem a ich pôvodné koncepty, ktoré niesli anglické označenie "peers". Diverzifikácia investorských portfólií vedie k postupnému vytrácaniu pôvodného konceptu a k zmene prístupu rovnosti medzi dlžníkom a veriteľom. 
610 2 0 |a banky 
610 2 0 |a bankovníctvo 
610 2 0 |a služby bankové 
610 2 0 |a diverzifikácia 
610 2 0 |a investovanie obozretné 
610 2 0 |a riziko bankové 
610 2 0 |a veritelia 
610 2 0 |a dlžníci 
100 1 |a Zavázalová, Helena